La influencia del derecho penal español en las legislaciones hispanoamericanas

Saved in:
Bibliografiske detaljer
Hovedforfatter: Quintano Ripollés, Antonio (Author)
Format: Bog
Sprog:spansk
Udgivet: Madrid Cultura Hispánica 1953
Serier:Cuadernos de Monografías
Fag:
Tags: Tilføj Tag
Ingen Tags, Vær først til at tagge denne postø!

MARC

LEADER 00000nam a2200000 a 4500
001 UCS0163
003 CL-VaPUC
008 970418e19530000SP |||||||||||||||||spa|d
082 0 4 |a 345.46  |b QUI  |2 21 
100 0 |a Quintano Ripollés, Antonio  |e author  |9 383323 
245 1 3 |a La influencia del derecho penal español en las legislaciones hispanoamericanas 
300 |a 239 p 
942 |c BK 
945 |d 19970418 00:00:00  |a paguirre 
260 |a Madrid  |b Cultura Hispánica  |c 1953 
650 7 |a DERECHO PENAL  |2 CL-VaPUC  |9 11 
650 0 |a Derecho comparado  |9 255664 
650 0 |a Teoría del derecho  |9 255982 
650 0 |a Códigos  |9 352314 
650 0 |a Responsabilidad penal  |9 254899 
651 0 |a España  |9 254926 
651 0 |a América Latina   |9 255027 
583 |a last modification  |c 19970418 00:00:00  |k Rodrigo Vera 
490 0 |a Cuadernos de Monografías 
999 |c 258406  |d 258404 
952 |0 0  |1 0  |4 0  |6 345_460000000000000_QUI_1953  |7 0  |8 A  |9 282474  |a BIBDER  |b BIBDER  |d 2019-11-19  |i 1831143  |o 345.46 QUI 1953  |p 1831143  |r 2019-11-19  |w 2019-11-19  |y BK  |k DER